Bosquejos de educación para el pueblo : Ignacio Ramírez e Ignacio Manuel Altamirano.

محفوظ في:
التفاصيل البيبلوغرافية
المؤلف الرئيسي: Bermudez de Brauns, María Teresa (autor)
التنسيق: كتاب
اللغة:الإسبانية
سلاسل:(Biblioteca pedagógica ; no. 27)
الموضوعات:
الوسوم: إضافة وسم
لا توجد وسوم, كن أول من يضع وسما على هذه التسجيلة!

MARC

LEADER 00000cam^a2200000uu^4500
001 000479943
005 20250521000000.0
008 050901s1985^^^^^^^^^^^^rd^r^^000^0^spa^d
009 20260310124950.835
022 |a 9686011889 
035 |a FCE 000022950 
035 |a FCE 004129 
037 |a Acervo ITESO - Biblioteca 
041 |a spa 
082 0 4 |a 082.1  |b SECa 27 
100 |a Bermudez de Brauns, María Teresa  |e (autor) 
245 1 0 |a Bosquejos de educación para el pueblo :  |b Ignacio Ramírez e Ignacio Manuel Altamirano. 
264 |a México :  |b SEP : El Caballito,  |c 1985. 
300 |a 158 p. 
336 |a texto  |b txt  |2 rdacontenido 
337 |a sin mediación  |b n  |2 rdamedio 
338 |a volumen  |b nc  |2 rdasoporte 
440 0 |a (Biblioteca pedagógica ;  |v no. 27) 
649 |a XX 
650 |a Educación popular 
650 |a Educación pública 
650 |a Antología 
910 |a Fondo Centro de Estudios Educativos 
920 |a Impresos - Libros 
930 |a Fondos Especiales 
905 |a 133 
901 |a ALE004129  |b IT2  |c CEE  |u 20250521 
901 |a ALE045404  |b IT2  |c CEE  |u 20250521 
901 |a ALE045405  |b IT2  |c CEE  |u 20250521 
902 |a https://opac.biblio.iteso.mx/vufind/Record/000479943